E-governance (Record no. 394424)

MARC details
000 -LEADER
fixed length control field 00467 a2200193 4500
005 - DATE & TIME
control field 20260128105148.0
008 - FIXED-LENGTH DATA ELEMENTS--GENERAL INFORMATION
fixed length control field 260127b |||||||| |||| 00| 0 eng d
020 ## - ISBN
International Standard Book Number 9788183767521
Price Rs. 1795.00
040 ## - CATALOGING SOURCE
Original cataloging agency VIVEKANANDA LIBRARY
082 ## - DDC NUMBER
Classification number 351.0285
Book Number R18E
100 ## - MAIN ENTRY--PERSONAL NAME
Personal name Rao, V M
245 ## - TITLE STATEMENT
Title E-governance
260 ## - PUBLICATION, DISTRIBUTION, ETC. (IMPRINT)
Name of publisher, distributor, etc ABD Publishers
Date of publication, distribution, etc 2024
Place of publication, distribution, etc Jaipur
300 ## - PHYSICAL DESCRIPTION
Pages 319
650 ## - Subject
Subject Public Administration
650 ## - Subject
Subject E-Governance
650 ## - Subject
Subject E-Democracy
942 ## - ADDED ENTRY ELEMENTS (KOHA)
Koha item type Books
Holdings
Withdrawn status Lost status Source of classification or shelving scheme Damaged status Not for loan Location (home branch) Sublocation or collection (holding branch) Shelving location Date acquired Koha issues (times borrowed) Koha full call number Accession No. Koha date last seen Koha item type
    Dewey Decimal Classification     VIVEKANANDA LIBRARY VIVEKANANDA LIBRARY Vivekananda Library 07/01/2026   351.0285 R18E 443943 07/01/2026 Books
© Designed and Maintained by Vivekananda Library, MDU Rohtak